[Event "Ogolnopolska Olimpiada Mlodziezy w Sportach Umyslowych - C14"]
[Site "Walbrzych, Zamek Ksiaz"]
[Date "2013-04-17"]
[Round "1.1"]
[White "Badyra, Wasyl"]
[Black "Winiarski, Mikolaj"]
[Result "1/2-1/2"]
[WhiteTitle "II"]
[BlackTitle "I+"]
[WhiteElo "1681"]
[BlackElo "2096"]

1. e4 Nf6 2. Nc3 e5 3. Bc4 Bc5 4. Nf3 d6 5. h3 O-O 6. O-O c6 7. Bb3 b5 8. d3 h6
9. Be3 Bxe3 10. fxe3 Nbd7 11. a3 Nc5 12. Ba2 a5 13. b4 axb4 14. axb4 Na6 15. Ne2
Rb8 16. Qe1 c5 17. bxc5 Nxc5 18. Ng3 b4 19. d4 Ncxe4 20. dxe5 dxe5 21. Nxe4 Nxe4
22. Nxe5 Rb7 23. Rd1 Qg5 24. Nf3 Qe7 25. Rd4 Nc3 26. Bb3 Rb6 27. Qd2 Ne4 28. Qc1
Rg6 29. Bd5 Nc3 30. Qe1 Bxh3 31. Nh4 Rg4 32. Rxg4 Bxg4 33. Bb3 Ne2+ 34. Kh2 Qe5+
35. g3 Qxe3 36. Ng6 Qg5 37. Nh4 Qe5 38. Qf2 Kh7 39. Bc4 f5 40. Bd3 g6 41. Qa7+
Qg7 42. Qa6 Rf6 43. Qc4 Nc3 44. Qxb4 Nd5 45. Qc5 Ne7 46. Re1 Ng8 47. Ra1 Re6 48.
Ra7 Ne7 49. Bc4 Re5 50. Qd6 g5 51. Ng6 Nxg6 52. Rxg7+ Kxg7 53. Qd8 Re7 54. Qg8+
Kf6 55. Qd5 Kg7 56. Qg8+ Kf6 57. Qd8 f4 58. Qd4+ Re5 59. Qd6+ Be6 60. Qd8+ Kf5
61. Bd3+ Kg4 62. Qd4 Bf5 63. Bf1 Kf3 64. Bg2+ Ke2 65. Qc4+ Kd2 66. gxf4 gxf4 67.
c3 Bd3 68. Qa2+ Bc2 69. Qc4 Re2 70. Qd4+ Kc1 71. Kh3 Bf5+ 72. Kh2 f3 73. Qg1+
Kc2 74. Qc5 Rxg2+ 75. Kh1 Bd3 76. Qc6 Ne5 77. Qa4+ Kxc3 78. Qc4+ Kb2 79. Qa2+
Kc1 80. Qb1+ Kd2 81. Qxd3+ 1/2-1/2

[Event "Ogolnopolska Olimpiada Mlodziezy w Sportach Umyslowych - C14"]
[Site "Walbrzych, Zamek Ksiaz"]
[Date "2013-04-17"]
[Round "1.2"]
[White "Koziol, Kamil"]
[Black "Oleszek, Maciej"]
[Result "1-0"]
[WhiteTitle "I++"]
[BlackTitle "II+"]
[WhiteElo "2006"]
[BlackElo "1667"]

1. d4 d5 2. c4 e6 3. Nc3 Nf6 4. Bg5 Nbd7 5. cxd5 exd5 6. e3 c6 7. Bd3 Be7 8. Qc2
h6 9. Bh4 Nh5 10. Bxe7 Qxe7 11. Nge2 Nb6 12. O-O O-O 13. Rad1 Re8 14. Rfe1 Bg4
15. Kh1 Qh4 16. Rf1 Nf6 17. Rde1 Bd7 18. Nf4 Ng4 19. h3 g5 20. g3 Nxe3 21. Rxe3
Rxe3 22. gxh4 Rf3 23. Ng2 Rxh3+ 24. Kg1 gxh4 25. Bf5 1-0

[Event "Ogolnopolska Olimpiada Mlodziezy w Sportach Umyslowych - C14"]
[Site "Walbrzych, Zamek Ksiaz"]
[Date "2013-04-17"]
[Round "1.3"]
[White "Michalski, Filip"]
[Black "Tomczak, Mikolaj"]
[Result "0-1"]
[WhiteTitle "II"]
[BlackTitle "I+"]
[WhiteElo "1665"]
[BlackElo "1990"]

1. e4 c5 2. c3 d5 3. exd5 Qxd5 4. d4 Nf6 5. Nf3 e6 6. Bd3 Be7 7. O-O O-O 8. Be3
cxd4 9. cxd4 Nc6 10. Nc3 Qd6 11. Qb3 b6 12. Rfd1 Bb7 13. Ne4 Nxe4 14. Bxe4 Na5
15. Qd3 Bxe4 16. Qxe4 Rfd8 17. Rac1 Qd5 18. Qxd5 Rxd5 19. Rc7 Bd6 20. Rc2 f6 21.
Rdc1 Nb7 22. g3 Rd8 23. a3 Rd7 24. Rc6 Kf7 25. Kg2 Be7 26. Rc7 Bd8 27. Rxd7+ Rxd7
28. Rd1 Nc5 29. b4 Ne4 30. Rc1 Be7 31. Rc2 Nd6 32. Bc1 Nb5 33. Bb2 Nc7 34. h4
h5 35. Rc6 Nd5 36. Rc2 Bd6 37. Rc6 Rd8 38. Kf1 Ke7 39. Ke2 Kd7 40. Rc2 a6 41.
Nd2 Bc7 42. f4 Kc8 43. Ne4 Kb7 44. Kf3 Ne7 45. Rd2 Nf5 46. a4 Rd5 47. Nf2 Bd6
48. Bc3 Kc8 49. Nd1 Kd7 50. Ne3 Nxe3 51. Kxe3 Kc6 52. Rc2 b5 53. Bd2+ Kb7 54.
a5 g6 55. Ke4 Be7 56. Rc1 Bf8 57. Rc2 Bg7 58. Be3 Rd7 59. Rc1 f5+ 60. Kd3 e5 61.
fxe5 Bxe5 62. Bf2 Bd6 63. Be1 Re7 64. Rd1 Kc6 65. Rc1+ Kd5 66. Bd2 Rc7 67. Rxc7
Bxc7 68. Bf4 Bd8 69. Be5 Be7 70. Kc3 Ke4 71. Bc7 Bf6 72. Bb6 g5 73. hxg5 Bxg5
74. Bc7 Be3 75. Bb6 Bf2 76. d5 Be1+ 77. Kb3 Bxg3 78. d6 Bxd6 79. Bf2 Kd3 80. Bc5
Be5 81. Be7 f4 82. Bh4 f3 83. Bf2 Bd4 0-1

[Event "Ogolnopolska Olimpiada Mlodziezy w Sportach Umyslowych - C14"]
[Site "Walbrzych, Zamek Ksiaz"]
[Date "2013-04-17"]
[Round "1.4"]
[White "Grela, Kacper"]
[Black "Kaczkowski, Maciej"]
[Result "1-0"]
[WhiteTitle "I"]
[BlackTitle "II"]
[WhiteElo "1979"]
[BlackElo "1651"]

1. e4 e5 2. Nf3 Nc6 3. d4 exd4 4. Nxd4 Nf6 5. Nxc6 bxc6 6. Bd3 Bb4+ 7. c3 Be7 8.
O-O O-O 9. c4 d5 10. cxd5 cxd5 11. e5 Nd7 12. f4 f5 13. Bxf5 Nb6 14. Bd3 Bf5 15.
Nc3 d4 16. Ne4 c5 17. Nf6+ Bxf6 18. Bxf5 Be7 19. Qh5 h6 20. Qg6 Rxf5 21. Qxf5
d3 22. Be3 c4 23. Qe6+ Kh8 24. f5 Nd5 25. Bxh6 gxh6 26. Qxh6+ Kg8 27. f6 1-0

[Event "Ogolnopolska Olimpiada Mlodziezy w Sportach Umyslowych - C14"]
[Site "Walbrzych, Zamek Ksiaz"]
[Date "2013-04-17"]
[Round "1.5"]
[White "Belczewski, Jacek"]
[Black "Walter, Szymon"]
[Result "0-1"]
[WhiteTitle "II+"]
[BlackTitle "I+"]
[WhiteElo "1650"]
[BlackElo "1925"]

1. d4 Nf6 2. f4 c5 3. e3 e6 4. Nf3 Be7 5. Bd3 O-O 6. O-O b6 7. c3 Bb7 8. Nbd2 cxd4
9. exd4 d6 10. Qe2 Nbd7 11. Ne4 Qc7 12. Bd2 Qc6 13. Ng3 a6 14. a4 Rfe8 15. b4
Bf8 16. b5 axb5 17. axb5 Qc7 18. c4 Rxa1 19. Rxa1 e5 20. fxe5 dxe5 21. Nxe5 Nxe5
22. dxe5 Rxe5 23. Qf1 Ng4 24. h3 Bc5+ 25. Kh1 Ne3 26. Qc1 Bxg2+ 27. Kh2 Rg5 28.
Be1 Qf4 29. Qb2 Bf3 30. Qc1 Qh4 31. Bf2 Ng4+ 32. Kg1 Qxg3+ 0-1

[Event "Ogolnopolska Olimpiada Mlodziezy w Sportach Umyslowych - C14"]
[Site "Walbrzych, Zamek Ksiaz"]
[Date "2013-04-17"]
[Round "1.6"]
[White "Janik, Igor"]
[Black "Rudecki, Bartosz"]
[Result "1-0"]
[WhiteTitle "I+"]
[BlackTitle "II"]
[WhiteElo "1889"]
[BlackElo "1649"]

1. e4 d6 2. d4 Nf6 3. Nc3 g6 4. Nf3 Bg7 5. Be2 O-O 6. O-O Bg4 7. Bg5 Nc6 8. d5
Bxf3 9. Bxf3 Ne5 10. Be2 c5 11. Qd2 a6 12. Bh6 b5 13. Bxg7 Kxg7 14. f4 Ned7 15.
Bf3 Qa5 16. a3 Rad8 17. g4 Ng8 18. Kh1 Qc7 19. Bg2 e6 20. Rf3 b4 21. Ne2 Ngf6
22. Rg3 exd5 23. exd5 Rfe8 24. axb4 cxb4 25. g5 Nh5 26. Rh3 Rxe2 27. Qxe2 Nxf4
28. Qe7 Nxh3 29. Bxh3 Kg8 30. Rf1 Qb8 31. Qxf7+ Kh8 32. Bxd7 1-0

[Event "Ogolnopolska Olimpiada Mlodziezy w Sportach Umyslowych - C14"]
[Site "Walbrzych, Zamek Ksiaz"]
[Date "2013-04-17"]
[Round "1.7"]
[White "Krasinski, Mateusz"]
[Black "Szostko, Jakub"]
[Result "0-1"]
[WhiteTitle "II"]
[BlackTitle "I+"]
[WhiteElo "1646"]
[BlackElo "1858"]

1. e4 c5 2. Nf3 d6 3. d4 cxd4 4. Nxd4 Nf6 5. Nc3 a6 6. Bc4 e6 7. Bb3 b5 8. O-O
b4 9. Na4 Be7 10. Re1 O-O 11. Qf3 Qc7 12. Qg3 Re8 13. Bd2 Nc6 14. Nxc6 Qxc6 15.
Bxb4 Nxe4 16. Qe3 Bb7 17. f3 Nf6 18. Nb6 Ng4 19. Ba4 Qxa4 20. Qd4 Qc6 21. Nxa8
Ne5 22. Qc3 Bxa8 23. Qa3 a5 24. Bxa5 Nc4 25. Qc3 Qc5+ 26. Kh1 Nxa5 27. Qd2 Nc4
28. Qc1 Bg5 29. f4 Qf2 30. Rg1 Ne3 31. Qe1 Bxg2+ 32. Rxg2 Qxg2# 0-1

[Event "Ogolnopolska Olimpiada Mlodziezy w Sportach Umyslowych - C14"]
[Site "Walbrzych, Zamek Ksiaz"]
[Date "2013-04-17"]
[Round "1.8"]
[White "Wisniewski, Michal"]
[Black "Adamczyk, Pawel"]
[Result "1-0"]
[WhiteTitle "I"]
[BlackTitle "II"]
[WhiteElo "1848"]
[BlackElo "1645"]

1. e4 c5 2. Nf3 e6 3. d4 cxd4 4. Nxd4 Nc6 5. Nxc6 bxc6 6. Bd3 e5 7. O-O Bc5 8.
Nd2 d6 9. Nb3 Bb6 10. Qe2 h6 11. Kh1 Nf6 12. h3 O-O 13. f4 Re8 14. Qf3 d5 15.
fxe5 dxe4 16. Bxe4 Nxe4 17. Qxe4 Qe7 18. Bf4 Bb7 19. Rad1 c5 20. Qe2 Qe6 21. Kh2
f6 22. Rfe1 fxe5 23. Bg3 e4 24. Rd6 Qe7 25. Qg4 Bc7 26. Rd7 Bxg3+ 27. Kxg3 Qe5+
28. Qf4 Ba6 29. Qxe5 Rxe5 30. Rc7 Rg5+ 31. Kh2 Rf8 32. Rxc5 Rg6 33. Rxe4 Bc8 34.
Re2 Ba6 35. Rd2 Rf1 36. Na5 Ra1 37. a3 Rb1 38. c3 Re1 39. Rc6 Rxc6 40. Nxc6 Bc4
41. Nd4 Rb1 42. Nc6 a6 43. Ne5 Bb3 44. c4 Rc1 45. Rd3 Ba2 46. b4 Re1 47. Nf3 Re7
48. c5 Bc4 49. Rc3 Bb5 50. Nd4 Ba4 51. c6 Rc7 52. Rc5 Bb5 53. Nxb5 axb5 54. Rxb5
Rxc6 55. a4 Kf8 56. Rb7 g5 57. a5 Ra6 58. Rb6 1-0

[Event "Ogolnopolska Olimpiada Mlodziezy w Sportach Umyslowych - C14"]
[Site "Walbrzych, Zamek Ksiaz"]
[Date "2013-04-17"]
[Round "1.9"]
[White "Fukowski, Pawel"]
[Black "Adamczewski, Maciej"]
[Result "1/2-1/2"]
[WhiteTitle "I"]
[BlackTitle "I"]
[WhiteElo "1641"]
[BlackElo "1810"]

1. d4 Nf6 2. Bg5 Ne4 3. Bf4 d5 4. e3 Nd7 5. Bd3 Ndf6 6. f3 Nd6 7. Nd2 Nh5 8. Bxd6
exd6 9. Ne2 Qg5 10. Kf2 Be7 11. f4 Qh6 12. h3 f5 13. Nf3 Nf6 14. g3 O-O 15. Nc3
c6 16. Qd2 Ne4+ 17. Bxe4 fxe4 18. Ng1 Be6 19. Kg2 Rae8 20. Nge2 Qg6 21. Raf1 h5
22. h4 Qf5 23. Ng1 Qg4 24. Qe2 Qg6 25. Kh2 Bg4 26. Qe1 Qf5 27. Nd1 Rf6 28. Nf2
Kf7 29. Ngh3 Rh8 30. Ng5+ Kg6 31. Nxg4 Qxg4 32. Qd1 Qxd1 33. Rxd1 Kf5 34. Kh3
Rff8 35. Rdf1 Rc8 36. c3 a5 37. Rh2 Ra8 38. Rc2 Rhc8 39. Rd1 a4 40. Rcd2 Bf6 41.
a3 Ra6 42. Nf7 Ke6 43. Ng5+ Bxg5 44. hxg5 Kf5 45. Kg2 Rb6 46. Rh1 g6 47. Rh4 Rb3
48. g4+ hxg4 49. Rh7 Rf8 50. Kg3 Rb6 51. Kh4 Rb5 52. Kg3 Rb6 53. Kh4 1/2-1/2

[Event "Ogolnopolska Olimpiada Mlodziezy w Sportach Umyslowych - C14"]
[Site "Walbrzych, Zamek Ksiaz"]
[Date "2013-04-17"]
[Round "1.10"]
[White "Pham, Juliusz"]
[Black "Domanski, Lukasz"]
[Result "1-0"]
[WhiteTitle "I"]
[BlackTitle "II"]
[WhiteElo "1795"]
[BlackElo "1637"]

1. e4 c5 2. c3 Nf6 3. e5 Nd5 4. d4 cxd4 5. cxd4 e6 6. Nf3 d6 7. Bc4 Nb6 8. Bb3
Bd7 9. Nc3 Bc6 10. O-O N8d7 11. exd6 Bxd6 12. d5 exd5 13. Re1+ Be7 14. Nxd5 Nxd5
15. Bxd5 O-O 16. Bxc6 bxc6 17. Be3 Bf6 18. Qc2 Qc7 19. Rac1 Rfc8 20. b3 Nb6 21.
Nd4 Qd7 22. Nxc6 Nd5 23. Red1 Qe6 24. Qc4 Nxe3 25. Qxe6 fxe6 26. fxe3 Bg5 27.
Kf2 Rc7 28. Ne5 Rxc1 29. Rxc1 Bf6 30. Nd3 Rd8 31. Ke2 Rd7 32. Nf2 Kf8 33. Ne4
Be7 34. Rc6 Kf7 35. Nc5 Rd6 36. Rc7 a6 37. Ne4 Rb6 38. Nd2 Ke8 39. Nc4 Rb8 40.
Rc6 Ra8 41. Rxe6 Kd7 42. Rb6 Kd8 43. Rb7 Bf6 44. Nb6 1-0

[Event "Ogolnopolska Olimpiada Mlodziezy w Sportach Umyslowych - C14"]
[Site "Walbrzych, Zamek Ksiaz"]
[Date "2013-04-17"]
[Round "1.11"]
[White "Fudalej, Slawomir"]
[Black "Bilczewski, Kacper"]
[Result "0-1"]
[WhiteTitle "II+"]
[BlackTitle "I"]
[WhiteElo "1620"]
[BlackElo "1791"]

1. d4 d5 2. c4 c6 3. Nf3 Nf6 4. Nc3 e6 5. Bg5 dxc4 6. e4 b5 7. e5 h6 8. Bh4 g5
9. Nxg5 hxg5 10. Bxg5 Be7 11. exf6 Bxf6 12. Bxf6 Qxf6 13. Qd2 Bb7 14. Ne4 Qe7
15. Qc3 Na6 16. d5 O-O-O 17. d6 Qh4 18. Qe3 Qh6 19. O-O-O Qxe3+ 20. fxe3 Nb4 21.
a3 Nd5 22. Re1 Rh5 23. h4 Rdh8 24. Nc5 Ba8 25. e4 Nb6 26. e5 Rxh4 27. Rxh4 Rxh4
28. g3 Rh7 29. Bg2 Nd7 30. Nxd7 Kxd7 31. Be4 Rg7 32. Rf1 Bb7 33. Kd2 Ke8 34. Rf3
Rg5 35. Re3 Kd7 36. Bf3 f6 37. exf6 Rf5 38. Rxe6 Rxf3 39. Re7+ Kxd6 40. Rxb7 Rxf6
41. Rxa7 Rg6 42. a4 Rxg3 43. axb5 cxb5 44. Kc2 Kc5 45. Rh7 Kb4 46. Rh5 Rg2+ 47.
Kc1 Ka4 48. Kb1 b4 49. Rh4 Kb3 50. Kc1 Rc2+ 51. Kd1 Rxb2 52. Rh3+ c3 53. Rg3 Rh2
54. Re3 Rh1+ 55. Ke2 Kb2 56. Re4 b3 57. Rc4 c2 0-1

[Event "Ogolnopolska Olimpiada Mlodziezy w Sportach Umyslowych - C14"]
[Site "Walbrzych, Zamek Ksiaz"]
[Date "2013-04-17"]
[Round "1.12"]
[White "Zaleski, Lukasz"]
[Black "Kozakow, Aleksy"]
[Result "1-0"]
[WhiteTitle "I"]
[BlackTitle "II+"]
[WhiteElo "1791"]
[BlackElo "1619"]

1. Nf3 e6 2. g3 b6 3. Bg2 Bb7 4. O-O Be7 5. d3 Nf6 6. e4 d6 7. h3 O-O 8. Be3 c5
9. Nh2 Qc7 10. f4 Nbd7 11. g4 c4 12. g5 Ne8 13. Nc3 cxd3 14. cxd3 a6 15. Rc1 Qd8
16. h4 Rb8 17. h5 f5 18. Qb3 Nc7 19. Nf3 fxe4 20. dxe4 b5 21. Rfd1 Qe8 22. Ne2
Nc5 23. Bxc5 dxc5 24. Ne5 c4 25. Qh3 Rd8 26. g6 h6 27. Nf7 Rxd1+ 28. Rxd1 Bc5+
29. Kh1 Rxf7 30. gxf7+ Qxf7 31. Rd8+ Kh7 32. Qg4 1-0

[Event "Ogolnopolska Olimpiada Mlodziezy w Sportach Umyslowych - C14"]
[Site "Walbrzych, Zamek Ksiaz"]
[Date "2013-04-17"]
[Round "1.13"]
[White "Szulc, Filip"]
[Black "Mockun, Dawid"]
[Result "1/2-1/2"]
[WhiteTitle "II+"]
[BlackTitle "II+"]
[WhiteElo "1615"]
[BlackElo "1749"]

1. e4 e6 2. d4 d5 3. e5 c5 4. c3 Nc6 5. Nf3 Qb6 6. a3 a5 7. a4 Nh6 8. h3 cxd4 9.
cxd4 Qb4+ 10. Nc3 Nf5 11. Bb5 Bd7 12. Bxc6 bxc6 13. g4 Ne7 14. Bd2 Qb6 15. O-O
h5 16. Kg2 Ng6 17. Be3 c5 18. Qd2 Rb8 19. Nb5 c4 20. Rfb1 Bxb5 21. axb5 Bb4 22.
Qd1 Qxb5 23. Bd2 Bxd2 24. Qxd2 a4 25. Qc2 Qb3 26. Qxb3 axb3 27. Ra7 Nf4+ 28. Kg3
Nd3 29. Ng5 O-O 30. gxh5 Nxb2 31. Kh4 c3 32. Rg1 Rb4 33. Nxe6 g6 34. Nxf8 Kxf8
35. hxg6 fxg6 36. Rxg6 c2 37. Rf6+ Kg8 38. Rg6+ Kh8 39. Rh6+ Kg8 40. Rg6+ Kh8
41. Rh6+ 1/2-1/2

[Event "Ogolnopolska Olimpiada Mlodziezy w Sportach Umyslowych - C14"]
[Site "Walbrzych, Zamek Ksiaz"]
[Date "2013-04-17"]
[Round "1.14"]
[White "Witczak, Jakub"]
[Black "Bandyk, Sebastian"]
[Result "1-0"]
[WhiteTitle "II+"]
[BlackTitle "II+"]
[WhiteElo "1749"]
[BlackElo "1582"]

1. e4 c5 2. Nf3 e6 3. Nc3 Nc6 4. Bb5 Qc7 5. O-O Nd4 6. d3 Bd6 7. h3 a6 8. Bc4 b5
9. Bb3 Nxb3 10. axb3 Bb7 11. Re1 Bf4 12. d4 Bxc1 13. Rxc1 cxd4 14. Qxd4 Nf6 15.
e5 Nd5 16. Ne4 O-O 17. c4 bxc4 18. bxc4 Ne7 19. Qd6 Qxd6 20. exd6 Nf5 21. Rcd1
Bxe4 22. Rxe4 f6 23. c5 Rfc8 24. Rc4 Rab8 25. b4 Rb5 26. g4 Nh6 27. Nd4 Nf7 28.
Nxb5 axb5 29. Rcc1 Ne5 30. Ra1 Nc6 31. Rdb1 e5 32. Ra6 Kf7 33. Rb6 Nd4 34. Ra1
Ke6 35. Ra7 Nc6 36. Rc7 Ra8 37. Rxb5 Ra4 38. Rcb7 Nd8 39. Ra5 Nxb7 40. Rxa4 Nd8
41. Ra7 Nc6 42. Rb7 Kd5 43. Rxd7 Nxb4 44. Rc7 1-0

[Event "Ogolnopolska Olimpiada Mlodziezy w Sportach Umyslowych - C14"]
[Site "Walbrzych, Zamek Ksiaz"]
[Date "2013-04-17"]
[Round "1.15"]
[White "Choina, Michal"]
[Black "Janiszewski, Filip"]
[Result "1-0"]
[WhiteTitle "II"]
[BlackTitle "I"]
[WhiteElo "1575"]
[BlackElo "1745"]

1. e4 c5 2. Nf3 d6 3. d4 cxd4 4. Nxd4 Nf6 5. Nc3 a6 6. Bg5 e6 7. Qd2 Be7 8. f3
Nc6 9. O-O-O Bd7 10. Bxf6 gxf6 11. Kb1 h5 12. Nb3 b5 13. Nd4 Qb8 14. Nxc6 Bxc6
15. Bd3 b4 16. Ne2 a5 17. Nd4 Bd7 18. Qe2 a4 19. Bb5 Ra5 20. Bxd7+ Kxd7 21. f4
Rc8 22. Rd3 Qb6 23. Nf3 Ke8 24. h3 Qa6 25. Rd2 Qa7 26. Rc1 Rac5 27. Qd1 Qa6 28.
Qe2 Qc6 29. Nd4 Qb6 30. Nf3 f5 31. e5 d5 32. Ng5 b3 33. a3 Rc4 34. Qxh5 Rxc2 35.
Qxf7+ Kd7 36. Rdxc2 bxc2+ 37. Ka1 Rc6 38. Nh7 Qc7 39. Nf8+ Kc8 40. Nxe6 Qa7 41.
Qe8+ Kb7 42. Qxe7+ Kb6 43. Qb4+ Ka6 44. Qxa4+ Kb7 45. Nd8+ 1-0

[Event "Ogolnopolska Olimpiada Mlodziezy w Sportach Umyslowych - C14"]
[Site "Walbrzych, Zamek Ksiaz"]
[Date "2013-04-17"]
[Round "1.16"]
[White "Klepek, Witold"]
[Black "Slomczewski, Michal"]
[Result "1-0"]
[WhiteTitle "I"]
[BlackTitle "II"]
[WhiteElo "1739"]
[BlackElo "1541"]

1. e4 e6 2. d4 d5 3. Nd2 dxe4 4. Nxe4 Nd7 5. Nf3 Ngf6 6. Bd3 b6 7. Qe2 Bb7 8. Bg5
h6 9. Nxf6+ Nxf6 10. Bh4 a6 11. O-O-O Be7 12. Ne5 O-O 13. c3 Nd7 14. Bg3 b5 15.
Bc2 Nf6 16. f3 Re8 17. Qd3 Kf8 18. Bf4 Nh5 19. Bd2 Nf6 20. g4 Bd6 21. Bf4 Bxe5
22. Bxe5 Qd5 23. Rdf1 Qxa2 24. h4 Ke7 25. g5 hxg5 26. hxg5 Nd7 27. Bxg7 Nb6 28.
Bb1 Qb3 29. Bc2 Qa2 30. Bf6+ Kd7 31. Bb1 Qb3 32. Rh7 Rf8 33. g6 Bd5 34. Rf2 Nc4
35. Qc2 Qxc2+ 36. Bxc2 Nd6 37. g7 Rg8 38. Rh8 Nf5 39. Bxf5 exf5 40. Rfh2 Ke6 41.
R2h6 c6 42. Bd8+ f6 43. Rxg8 Kf7 44. Rhh8 Kg6 45. Rf8 Ra7 46. g8=Q+ Bxg8 47. Rfxg8+
Kf7 48. Rh7+ Kxg8 49. Rxa7 1-0

[Event "Ogolnopolska Olimpiada Mlodziezy w Sportach Umyslowych - C14"]
[Site "Walbrzych, Zamek Ksiaz"]
[Date "2013-04-17"]
[Round "1.17"]
[White "Szustakowski, Antoni"]
[Black "Szmer, Aleksander"]
[Result "0-1"]
[WhiteTitle "II"]
[BlackTitle "I"]
[WhiteElo "1531"]
[BlackElo "1739"]

1. d4 Nf6 2. c4 g6 3. Nc3 Bg7 4. e4 d6 5. Be2 O-O 6. Bg5 Nbd7 7. Nf3 c5 8. d5 a6
9. O-O Ne8 10. Qc2 Ne5 11. Nxe5 Bxe5 12. Bh6 Ng7 13. a3 Rb8 14. b4 b6 15. Rab1
Qc7 16. Be3 f5 17. bxc5 bxc5 18. Rxb8 Qxb8 19. Rb1 Qc7 20. Bf3 fxe4 21. Bxe4 Nf5
22. Rb3 Nd4 23. Bxd4 Bxd4 24. Nd1 Qa5 25. Qe2 e5 26. h3 Bf5 27. Bxf5 Rxf5 28.
Rb8+ Kg7 29. Rb7+ Kg8 30. Rb8+ Kg7 31. Rb7+ Kh6 32. Rb3 Qd8 33. Ne3 Rf7 34. Ng4+
Kg7 35. Ne3 Qa5 36. Nd1 Qd8 37. Ne3 a5 38. a4 Qh4 39. Ng4 h5 40. Ne3 Qf4 41. Rb1
Qe4 42. Rb3 Kh7 43. Kh1 Bxe3 44. Qxe3 Qxc4 45. Rb6 Qxd5 46. Ra6 Qd1+ 47. Kh2 Qxa4
48. Rxd6 Qf4+ 49. Qxf4 Rxf4 50. Rd5 Rc4 51. Rxe5 a4 52. Re7+ Kh6 53. Ra7 Kg5 54.
Kg3 Rc3+ 55. f3 a3 56. Kf2 Rc2+ 57. Ke3 a2 58. g3 c4 59. Ra5+ Kf6 60. Ke4 c3 61.
Ra6+ Kg7 62. Kd3 Rf2 63. Kxc3 Rxf3+ 64. Kd4 Rxg3 65. Rxa2 Rxh3 66. Ke4 Kh6 67.
Kf4 Rb3 68. Ra6 Rb4+ 69. Kg3 h4+ 70. Kh3 Kh5 71. Ra5+ g5 72. Rc5 Rb3+ 73. Kh2
h3 74. Rc4 g4 75. Rc5+ Kh4 76. Rc8 Rb2+ 77. Kh1 Rf2 78. Kg1 Kg3 79. Rc3+ Rf3 80.
Rxf3+ Kxf3 81. Kh2 Kf2 82. Kh1 Kg3 83. Kg1 h2+ 84. Kh1 Kf2 85. Kxh2 g3+ 86. Kh3
g2 87. Kg4 g1=Q+ 88. Kf5 Qg3 89. Ke4 Qg5 90. Kd4 Qf5 91. Kc3 Qe4 92. Kd2 Qd4+
93. Kc2 Ke2 94. Kb3 Qc5 95. Kb2 Qc4 96. Ka3 Qb5 97. Ka2 Kd3 98. Ka3 Kc3 99. Ka2
Qb2# 0-1

[Event "Ogolnopolska Olimpiada Mlodziezy w Sportach Umyslowych - C14"]
[Site "Walbrzych, Zamek Ksiaz"]
[Date "2013-04-17"]
[Round "1.18"]
[White "Klementowski, Dawid"]
[Black "Tylenda, Krzysztof"]
[Result "1-0"]
[WhiteTitle "I"]
[BlackTitle "II+"]
[WhiteElo "1734"]
[BlackElo "1507"]

1. e4 c5 2. Nf3 Nc6 3. d4 cxd4 4. Nxd4 g6 5. c4 Bg7 6. Be3 Nf6 7. Nc3 O-O 8. Be2
d6 9. Qd2 Bd7 10. O-O Nxd4 11. Bxd4 Bc6 12. Bd3 Nd7 13. Bxg7 Kxg7 14. b3 Nc5 15.
Rae1 a5 16. Re3 Nxd3 17. Rxd3 Qc8 18. Rh3 h5 19. f4 Bd7 20. f5 Qc5+ 21. Kh1 Rh8
22. Nd5 Rae8 23. Qg5 e5 24. Qf6+ Kh7 25. Qxf7+ Kh6 26. Qxg6# 1-0

[Event "Ogolnopolska Olimpiada Mlodziezy w Sportach Umyslowych - C14"]
[Site "Walbrzych, Zamek Ksiaz"]
[Date "2013-04-17"]
[Round "1.19"]
[White "Ruttar, Lukasz"]
[Black "Januszkiewicz, Wojciech"]
[Result "0-1"]
[WhiteTitle "II"]
[BlackTitle "I"]
[WhiteElo "1471"]
[BlackElo "1729"]

1. e4 c5 2. Nf3 e6 3. d4 cxd4 4. Nxd4 a6 5. Nc3 Qc7 6. a3 Nf6 7. Be3 b5 8. Bd3
Bb7 9. f3 Bc5 10. Qd2 O-O 11. Qf2 b4 12. axb4 Bxb4 13. Bd2 Nc6 14. Nxc6 Bxc6 15.
O-O a5 16. Kh1 Rfd8 17. Rfc1 Rab8 18. Nd1 Bxd2 19. Qxd2 d5 20. e5 Qxe5 21. Qxa5
Qf4 22. Qc5 Ba8 23. b3 d4 24. Nf2 Rd5 25. Qa7 Rh5 26. Nh3 Rxh3 27. Qxb8+ Qxb8
28. gxh3 Bxf3+ 29. Kg1 Qf4 30. Rf1 Qg5+ 31. Kf2 Qe3+ 0-1

[Event "Ogolnopolska Olimpiada Mlodziezy w Sportach Umyslowych - C14"]
[Site "Walbrzych, Zamek Ksiaz"]
[Date "2013-04-17"]
[Round "1.20"]
[White "Nowak, Kamil"]
[Black "Kotarski, Bartosz"]
[Result "1-0"]
[WhiteTitle "II+"]
[BlackTitle "II"]
[WhiteElo "1728"]
[BlackElo "1449"]

1. e4 c5 2. Nf3 e6 3. d4 cxd4 4. Nxd4 Nf6 5. Nc3 Bb4 6. e5 Nd5 7. Bd2 Bxc3 8. bxc3
Qc7 9. f4 a6 10. Qg4 O-O 11. c4 Ne7 12. Bd3 f6 13. Bb4 fxe5 14. Bxe7 Rxf4 15.
Qh5 g6 16. Bxg6 hxg6 17. Qxg6+ Kh8 18. Bf6+ Rxf6 19. Qxf6+ Kh7 20. Nf3 d6 21.
Ng5+ Kg8 22. O-O 1-0

[Event "Ogolnopolska Olimpiada Mlodziezy w Sportach Umyslowych - C14"]
[Site "Walbrzych, Zamek Ksiaz"]
[Date "2013-04-17"]
[Round "1.21"]
[White "Pytel, Przemyslaw"]
[Black "Wacior, Maciej"]
[Result "0-1"]
[WhiteTitle "II"]
[BlackTitle "II+"]
[WhiteElo "1389"]
[BlackElo "1703"]

1. e4 c6 2. d4 d5 3. Nc3 dxe4 4. Nxe4 Bf5 5. Ng3 Bg6 6. h4 h6 7. Nf3 Nd7 8. h5
Bh7 9. Bd3 Bxd3 10. Qxd3 e6 11. Be3 Ngf6 12. O-O-O Qc7 13. Kb1 O-O-O 14. Ne2 Bd6
15. Nc3 Rhe8 16. Nd2 e5 17. d5 Nc5 18. Qf5+ Kb8 19. dxc6 Qxc6 20. f3 Ne6 21. Nde4
Nxe4 22. Qxe4 Qxe4 23. Nxe4 Bc7 24. Nc3 Nd4 25. Rh4 Nf5 26. Re4 Rxd1+ 27. Nxd1
Rd8 28. Kc1 Ng3 29. Nc3 Nxe4 30. Nxe4 f5 31. Nc3 Bb6 32. Bxb6 axb6 33. Ne2 e4
34. c3 e3 35. Nd4 f4 36. Kd1 Rd5 37. Ke2 Rxh5 38. Ne6 g5 39. Nd4 Rh2 40. Kf1 Rh1+
41. Ke2 Rb1 42. b4 Rb2+ 43. Kd1 Rxg2 0-1

[Event "Ogolnopolska Olimpiada Mlodziezy w Sportach Umyslowych - C14"]
[Site "Walbrzych, Zamek Ksiaz"]
[Date "2013-04-17"]
[Round "1.22"]
[White "Czerniawski, Krzysztof"]
[Black "Molenda, Mikolaj"]
[Result "1-0"]
[WhiteTitle "I"]
[BlackTitle "II"]
[WhiteElo "1696"]
[BlackElo "1346"]

1. b4 e5 2. Bb2 d6 3. e3 Nf6 4. Ne2 Be6 5. d4 exd4 6. Nxd4 Nbd7 7. Be2 Be7 8. O-O
O-O 9. Nd2 c6 10. a3 Qc7 11. c4 a5 12. Qb3 a4 13. Qc2 Nb6 14. Rac1 Qd7 15. Nxe6
Qxe6 16. Nf3 h6 17. Bd3 Qd7 18. Rfd1 Qc7 19. Nd4 Rfe8 20. Nf5 Qd8 21. Be2 Nc8
22. Bf3 Bf8 23. Qc3 Re6 24. Rc2 Ne7 25. Nd4 Re5 26. Qd3 Ng6 27. Rcd2 Re8 28. Qc2
Ne5 29. Be2 Qc7 30. Nf5 Red8 31. h3 Rd7 32. f4 Ng6 33. Nxh6+ gxh6 34. Bxf6 Qb8
35. Bd3 Kh7 36. Bf5 Rc7 37. h4 h5 38. Re1 b5 39. Qd1 1-0

[Event "Ogolnopolska Olimpiada Mlodziezy w Sportach Umyslowych - C14"]
[Site "Walbrzych, Zamek Ksiaz"]
[Date "2013-04-17"]
[Round "2.1"]
[White "Witczak, Jakub"]
[Black "Koziol, Kamil"]
[Result "0-1"]
[WhiteTitle "II+"]
[BlackTitle "I++"]
[WhiteElo "1749"]
[BlackElo "2006"]

1. d4 d5 2. c4 e6 3. Nf3 c5 4. cxd5 exd5 5. Nc3 Nc6 6. Bf4 Nf6 7. e3 c4 8. a3 Be7
9. Ne5 O-O 10. Be2 Na5 11. Qc2 Nb3 12. Rd1 Be6 13. O-O Rc8 14. Bf3 Qb6 15. Bg5
Rfd8 16. Ng4 Bxg4 17. Bxg4 Nxg4 18. Bxe7 Qc7 0-1

[Event "Ogolnopolska Olimpiada Mlodziezy w Sportach Umyslowych - C14"]
[Site "Walbrzych, Zamek Ksiaz"]
[Date "2013-04-17"]
[Round "2.2"]
[White "Tomczak, Mikolaj"]
[Black "Klepek, Witold"]
[Result "1-0"]
[WhiteTitle "I+"]
[BlackTitle "I"]
[WhiteElo "1990"]
[BlackElo "1739"]

1. e4 c5 2. Nf3 e6 3. d4 cxd4 4. Nxd4 Nf6 5. Nc3 Nc6 6. Ndb5 Bb4 7. a3 Bxc3+ 8.
Nxc3 d5 9. exd5 exd5 10. Bd3 d4 11. Ne2 O-O 12. O-O Bg4 13. h3 Bh5 14. Qd2 Re8
15. Nf4 Bg6 16. Nxg6 hxg6 17. b4 Qd5 18. Bb2 Ne5 19. Be2 Rad8 20. Rfd1 Nc4 21.
Bxc4 Qxc4 22. Bxd4 Re2 23. Qc3 Qxc3 24. Bxc3 Rxd1+ 25. Rxd1 Rxc2 26. Rd8+ Kh7
27. Bxf6 gxf6 28. Rd7 Ra2 29. Rxb7 Kg7 30. Rxa7 Rb2 31. Ra5 f5 32. f4 Kf6 33.
b5 Ke6 34. Ra6+ Kd5 35. a4 Ke4 36. Kh2 Kxf4 37. Rc6 Ke3 38. b6 f4 39. a5 f5 40.
Rxg6 Kf2 41. Rg5 Kf1 42. Kh1 Rb5 43. b7 f3 44. gxf3 Rxb7 45. a6 Rh7 46. Kh2 Kf2
47. f4 Rf7 48. Rg2+ Kf3 49. Ra2 Ra7 50. Ra4 Rc7 51. Ra3+ Kxf4 52. a7 1-0